书目信息 |
| 题名: |
分享经济的爆发
|
|
| 作者: | 萨丹拉彻 著 ;周恂 译 | |
| 分册: | ||
| 出版信息: | 上海 文汇出版社 2017 |
|
| 页数: | 10,310页 | |
| 开本: | 25cm | |
| 丛书名: | ||
| 单 册: | ||
| 中图分类: | F71 | |
| 科图分类: | ||
| 主题词: | 商业模式--研究 | |
| 电子资源: | ||
| ISBN: | 978-7-5496-2010-4 | |
| 000 | 01146nam0 2200265 450 | |
| 001 | 012001003025 | |
| 005 | 20140926114740.0 | |
| 010 | @a978-7-5496-2010-4@dCNY59.00 | |
| 100 | @a20170619d2017 em y0chiy50 ea | |
| 101 | 1 | @achi@ceng |
| 102 | @aCN@b310000 | |
| 105 | @ay z 000yy | |
| 106 | @ar | |
| 200 | 1 | @a分享经济的爆发@9fen xiang jing ji de bao fa@dThe sharing economy: the end of employment and the rise of crowd-based capitalism@zeng@f(印)阿鲁·萨丹拉彻(Arun Sundararajan)著@g周恂译 |
| 210 | @a上海@c文汇出版社@d2017 | |
| 215 | @a10,310页@d25cm | |
| 314 | @a阿鲁·萨丹拉彻 (Arun Sundararajan),纽约大学斯特恩商学院教授。 | |
| 330 | @a本书通过大量的分享经济的案例,解释了群体资本主义的基本要素,揭示了新兴的区块链技术和令人眼花缭乱的新兴按需平台,以及阐明了这种新的范式如何改变了经济增长和工作的未来。 | |
| 510 | 1 | @aSharing economy@ethe end of employment and the rise of crowd-based capitalism@zeng |
| 606 | 0 | @a商业模式@x研究 |
| 690 | @aF71@v5 | |
| 701 | 0 | @c(印)@a萨丹拉彻@9sa dan la che@c(Sundararajan, Arun)@4著 |
| 702 | 0 | @a周恂@9zhou xun@4译 |
| 801 | 0 | @aCN@b上海新华@c20180901 |
| 905 | @b1158977-81@dF71@e1060@f5 | |
| 分享经济的爆发=The sharing economy: the end of employment and the rise of crowd-based capitalism/(印)阿鲁·萨丹拉彻(Arun Sundararajan)著/周恂译.-上海:文汇出版社,2017 |
| 10,310页;25cm |
| ISBN 978-7-5496-2010-4:CNY59.00 |
| 本书通过大量的分享经济的案例,解释了群体资本主义的基本要素,揭示了新兴的区块链技术和令人眼花缭乱的新兴按需平台,以及阐明了这种新的范式如何改变了经济增长和工作的未来。 |
| ● |
| 相关链接 |
|
|
|
|
正题名:分享经济的爆发
索取号:F71/1060
 
预约/预借
| 序号 | 登录号 | 条形码 | 馆藏地/架位号 | 状态 | 备注 |
| 1 | 1120699 | 211206997 | 第一借阅区/ [索取号:F71/1060] | 在馆 | |
| 2 | 1120700 | 211207004 | 密集书库-资源管理系/ [索取号:F71/1060] | 在馆 | |
| 3 | 1120701 | 211207013 | 第一借阅区/ [索取号:F71/1060] | 在馆 | |
| 4 | 1120702 | 211207022 | 第一借阅区/ [索取号:F71/1060] | 在馆 | |
| 5 | 1120703 | 211207031 | 第一借阅区/ [索取号:F71/1060] | 在馆 | |
| 6 | 1158977 | 211589770 | 第一样本阅览室/ [索取号:F71/1060] | 在馆 | |
| 7 | 1158978 | 211589789 | 第一借阅区/ [索取号:F71/1060] | 在馆 | |
| 8 | 1158979 | 211589798 | 第一借阅区/ [索取号:F71/1060] | 在馆 | |
| 9 | 1158980 | 211589805 | 第一借阅区/ [索取号:F71/1060] | 在馆 | |
| 10 | 1158981 | 211589814 | 密集书库-海洋学院/ [索取号:F71/1060] | 在馆 |